| 000 | 00674nam a2200217 a 4500 | ||
|---|---|---|---|
| 005 | 20240919064441.0 | ||
| 008 | 991125s1980 mx 000 0 spa u | ||
| 020 | _a9681606493 | ||
| 035 | _aUPN01000001713 | ||
| 049 | _aCG | ||
| 050 | 4 |
_aHB51 _bA4 |
|
| 245 | 0 | 0 |
_aAlgunos creadores del pensamiento económico contemporáneo / _cpor F. A. Hayek ... [et al.] ; comp. Diego Pizano Salazar. |
| 260 |
_aMéxico : _bFCE, _c1980. |
||
| 300 | _a225 p. | ||
| 440 | 0 |
_aPopular ; _v201 |
|
| 650 | 4 |
_aEconomistas _916866 |
|
| 650 | 4 | _aTEORIA ECONOMICA | |
| 700 | 1 |
_aHayek, Friedrich August von, _d1899-1992, _ecoaut. _9193 |
|
| 700 | 1 |
_aPizano Salazar, Diego, _ecomp. |
|
| 905 | _aLibro | ||
| 999 |
_c1713 _d1713 |
||